Mannschaften der Regionalliga Bayern 2024/25 - Statistiken

Allgemein
  • Dieses Quiz wurde 63 mal gespielt
  • Das Durchschnittsergebnis liegt bei 13 aus 18
Antwortstatistiken
Mannschaften % Korrekt
FC Bayern München II⁠
96%
1. FC Nürnberg II⁠
93%
1. FC Schweinfurt 05
85%
SpVgg Greuther Fürth II⁠
85%
FC Würzburger Kickers
80%
SpVgg Bayreuth
80%
FC Eintracht Bamberg
78%
FC Augsburg II⁠
72%
SV Viktoria Aschaffenburg
72%
FV Illertissen
70%
SV Wacker Burghausen
70%
Türkgücü München
67%
TSV Schwaben Augsburg
63%
DJK Vilzing⁠
61%
SpVgg Ansbach 09
52%
TSV Aubstadt
50%
TSV Buchbach
44%
SpVgg Hankofen-Hailing
41%
Keine übereinstimmenden Quizze gefunden
Verteilung der Resultate
Anzahl Personen mit jedem Resultat
Perzentil nach korrekt beantworteten Fragen
Ihre Resultats-Entwicklung
Sie haben dieses Quiz noch nicht gespielt